00349nam a2200133Ia 4500008004100000020001500041041001200056082001600068100001900084245004600103260004100149300000800190650001700198221030s9999 xx 000 0 und d a8122403786 aEnglish a105.23bBar aR. R. Bartawal 0aMicroeconomic Analysiscby R. R. Bartawal bWiley Eastern Ltd.,aNew Delhic1991 a445 aBE Economics